000 00921cam a2200313 a 4500
008
020 _a9780323078474 (pbk.)
049 _aMAIN
090 _aRC78
_bEIS
100 1 _aEisenberg, Ronald L.
245 1 0 _aComprehensive radiographic pathology /
_cRonald L. Eisenberg, Nancy M. Johnson.
250 _a5th ed.
260 _aSt. Louis, Missouri :
_bElsevier Mosby,
_cc2012.
300 _axiv, 479 p. :
_bill. (some col.) ;
_c28 cm.
500 _aIncludes index.
650 1 2 _aRadiography.
650 2 2 _aDiagnostic Imaging.
650 2 2 _aPathology.
650 2 2 _aTechnology, Radiologic.
650 0 _aDiagnosis, Radioscopic.
650 0 _aPathology.
650 0 _aMedical technologists.
700 1 _aJohnson, Nancy M.
907 _a.b1036397x
_b05-12-18
_c28-10-15
003
005 20230120204207.0
040 _cNUST
942 _cBOOKS
_kRC78
_mEIS
999 _c118811
_d118811